MARC details
| 000 -LEADER |
| fixed length control field |
01958cam a22004697a 4500 |
| 001 - CONTROL NUMBER |
| control field |
42 |
| 003 - CONTROL NUMBER IDENTIFIER |
| control field |
FISKH |
| 005 - DATE AND TIME OF LATEST TRANSACTION |
| control field |
20230209161556.0 |
| 008 - FIXED-LENGTH DATA ELEMENTS--GENERAL INFORMATION |
| fixed length control field |
091207s2009 nyua j 6 000 1 eng d |
| 010 ## - LIBRARY OF CONGRESS CONTROL NUMBER |
| LC control number |
2009282211 |
| 020 ## - INTERNATIONAL STANDARD BOOK NUMBER |
| International Standard Book Number |
9781597071390 (hardcover) |
| 020 ## - INTERNATIONAL STANDARD BOOK NUMBER |
| International Standard Book Number |
1597071390 (hardcover) |
| 020 ## - INTERNATIONAL STANDARD BOOK NUMBER |
| International Standard Book Number |
9781597071383 (pbk.) |
| 020 ## - INTERNATIONAL STANDARD BOOK NUMBER |
| International Standard Book Number |
1597071382 (pbk.) |
| 035 ## - SYSTEM CONTROL NUMBER |
| System control number |
(OCoLC)ocn234441742 |
| 040 ## - CATALOGING SOURCE |
| Original cataloging agency |
BTCTA |
| Transcribing agency |
BTCTA |
| Modifying agency |
BAKER |
| -- |
FTL |
| -- |
UPZ |
| -- |
NBO |
| -- |
DLC |
| -- |
FISKH |
| Language of cataloging |
eng |
| 042 ## - AUTHENTICATION CODE |
| Authentication code |
lccopycat |
| 043 ## - GEOGRAPHIC AREA CODE |
| Geographic area code |
n-us-dc |
| 050 00 - LIBRARY OF CONGRESS CALL NUMBER |
| Classification number |
PZ7.7.L62 |
| Item number |
Sh 2009 |
| 050 00 - LIBRARY OF CONGRESS CALL NUMBER |
| Classification number |
PN6728 |
| Item number |
.H37 |
| 082 00 - DEWEY DECIMAL CLASSIFICATION NUMBER |
| Classification number |
741.5 |
| Edition number |
23 |
| 082 04 - DEWEY DECIMAL CLASSIFICATION NUMBER |
| Classification number |
741.5/973 |
| Edition number |
22 |
| 100 1# - MAIN ENTRY--PERSONAL NAME |
| Personal name |
Lobdell, Scott. |
| Dates associated with a name |
1960 |
| 245 10 - TITLE STATEMENT |
| Title |
Shhhhhhh! / |
| Statement of responsibility, etc. |
Scott Lobdell, writer ; Paulo Henrique Marcondes, artist ; [Mark Lerer, letterer ; Laurie E. Smith, colorist]. |
| 260 ## - PUBLICATION, DISTRIBUTION, ETC. |
| Place of publication, distribution, etc. |
New York : |
| Name of publisher, distributor, etc. |
Papercutz, |
| Date of publication, distribution, etc. |
2009. |
| 300 ## - PHYSICAL DESCRIPTION |
| Extent |
1 v. (unpaged) : |
| Other physical details |
chiefly col. ill. ; |
| Dimensions |
20 cm. |
| 490 0# - SERIES STATEMENT |
| Series statement |
The Hardy Boys undercover brothers ; |
| Volume/sequential designation |
#16 |
| 500 ## - GENERAL NOTE |
| General note |
"Based on the series by Franklin W. Dixon." |
| 520 ## - SUMMARY, ETC. |
| Summary, etc. |
Joe and Frank find themselves on the strangest bodyguard duty ever--protecting the five children of a visiting dignitary during a field trip to the National Library of Education in Washington, D.C. It might sound easy, but before this assignment is done, they're going to need help from the most unexpected ally of all ... their mom, librarian Laura Hardy! |
| 521 ## - TARGET AUDIENCE NOTE |
| Target audience note |
540 |
| Source |
Lexile |
| 521 ## - TARGET AUDIENCE NOTE |
| Target audience note |
M |
| Source |
Raz-Paz |
| 650 #0 - SUBJECT ADDED ENTRY--TOPICAL TERM |
| Topical term or geographic name entry element |
Hardy Boys (Fictitious characters) |
| Form subdivision |
Juvenile fiction. |
| 650 #0 - SUBJECT ADDED ENTRY--TOPICAL TERM |
| Topical term or geographic name entry element |
National libraries |
| Form subdivision |
Comic books, strips, etc. |
| 650 #0 - SUBJECT ADDED ENTRY--TOPICAL TERM |
| Topical term or geographic name entry element |
Teenagers |
| Form subdivision |
Comic books, strips, etc. |
| 651 #0 - SUBJECT ADDED ENTRY--GEOGRAPHIC NAME |
| Geographic name |
Washington (D.C.) |
| Form subdivision |
Comic books, strips, etc. |
| 655 #0 - INDEX TERM--GENRE/FORM |
| Genre/form data or focus term |
Detective and mystery comic books, strips, etc. |
| 655 #0 - INDEX TERM--GENRE/FORM |
| Genre/form data or focus term |
Graphic novels. |
| 700 1# - ADDED ENTRY--PERSONAL NAME |
| Personal name |
Dixon, Franklin W. |
| 700 1# - ADDED ENTRY--PERSONAL NAME |
| Personal name |
Marcondes, Paulo H. |
| Relator term |
ill. |
| 906 ## - LOCAL DATA ELEMENT F, LDF (RLIN) |
| a |
7 |
| b |
cbc |
| c |
copycat |
| d |
2 |
| e |
ncip |
| f |
20 |
| g |
y-gencatlg |
| 942 ## - ADDED ENTRY ELEMENTS (KOHA) |
| Source of classification or shelving scheme |
Library of Congress Classification |
| Koha item type |
Books |
| Suppress in OPAC |
No |